Paul McCartney - Discography - Statistics

General Stats
  • This quiz has been taken 110 times
  • The average score is 20 of 37
Answer Stats
Year - Category Answer % Correct
1970 McCartney
96%
1973 Band on the Run
94%
1980 McCartney II
94%
1971 Ram
94%
2020 McCartney III
92%
1975 Venus and Mars
80%
1983 Pipes of Peace
78%
1971 Wild Life
76%
1982 Tug of War
75%
1979 Back to the Egg
73%
2018 Egypt Station
73%
1976 Wings at the Speed of Sound
73%
1973 Red Rose Speedway
71%
1989 Flowers in the Dirt
70%
2013 New
69%
1978 London Town
67%
1997 Flaming Pie
66%
2005 Chaos and Creation in the Backyard
64%
1984 (B.O.) Give My Regards to Broad Street
64%
1986 Press to Play
58%
1993 Off the Ground
55%
2012 Kisses on the Bottom
54%
2007 Memory Almost Full
52%
2001 Driving Rain
48%
1999 Run Devil Run
39%
1991 Liverpool Oratorio
33%
1988 СНОВА В СССР / Russian album
33%
1997 Standing Stone
25%
1977 Thrillington
24%
2005 (Remix) Twin Freaks
19%
1999 Working Classical
19%
2008 (Fireman) Electric Arguments
17%
2011 Ocean's Kingdom
14%
2006 Ecce Cor Meum
13%
2000 Liverpool Sound Collage
13%
1998 (Fireman) Rushes
12%
1993 (Fireman) Strawberries Oceans Ships Forest
11%
No matching quizzes found
Score Distribution
Percent of People with Each Score
Percentile by Number Answered
Your Score History
You have not taken this quiz